Score 0/20 Timer 03:00
3 Plays Today
Book Name % Correct
______ TwistOliver
98.8%
The Adventures of ___ SawyerTom
95.9%
_____ and the Giant PeachJames
94.1%
_____ PanPeter
93%
The Picture of ______ GrayDorian
85.4%
________ NicklebyNicholas
75.3%
_____ LittleStuart
75.3%
___ RoyRob
73%
_____ Jackson & the Olympians (series)Percy
67.4%
_______ Livingston SeagullJonathan
62%
Book Name % Correct
_____ GantryElmer
50.5%
_____ BuddBilly
48.4%
One Day in the Life of ____ DenisovichIvan
40.3%
The Bridge of San ____ ReyLuis
37.5%
Lucky ___Jim
26.6%
Go Down, _____Moses
25.5%
____ BedeAdam
24%
_____'s Marvellous MedicineGeorge
21.7%
The Brief Wondrous Life of _____ WaoOscar
12.8%
The Book of ______Daniel
9.1%

Today's Daily Dose

You're not logged in!

Compare scores with friends on all Sporcle quizzes.
OR
Log In

Sporcle TV

Today on Sporcle TV


Watch our educational content, quiz creation guides, and fun videos on Sporcle TV.

Show Comments

Extras

Top Quizzes Today


Score Distribution

Paid Content

Your Account Isn't Verified!

In order to create a playlist on Sporcle, you need to verify the email address you used during registration. Go to your Sporcle Settings to finish the process.

Report this User

Report this user for behavior that violates our Community Guidelines.

Details: